High School Math Classes - Statistics

General Stats
  • This quiz has been taken 91 times
  • The average score is 5 of 8
Answer Stats
Answer % Correct
Geometry
97%
Calculus
90%
Algebra 1
76%
Algebra 2
76%
Pre Calculus
64%
Trigonometry
53%
Statistics and Probability
4%
Computer Science
3%
No matching quizzes found
Score Distribution
Percent of People with Each Score
Percentile by Number Answered
Your Score History
You have not taken this quiz